Estadísticas para Órganos del Cuerpo Humano (con un mapa)

Haz click aquí para intentar la prueba.

Estadísticas generales

  • Esta prueba ha sido intentada 5.017 veces
  • La puntuación promedio es 9 de 12

Respuestas en el mapa

Las respuestas están codificadas por una escala verde-roja en el mapa de la prueba según el % correcto abajo.
 

Estadísticas de respuestas

Órganos% Correcto
Cerebro
99%
Pulmones
99%
Estómago
93%
Higado
92%
Intestino grueso
92%
Intestino delgado
91%
Pancreas
79%
Riñones
72%
Corazón
70%
Vejiga
64%
Bazo
40%
Vesícula biliar
24%

Distribución de puntuación

Porcentaje por número respondido

Porcentaje de gente con cada puntuación

Historial de tus puntuaciones

No has intentado esta prueba.